| 000 -LEADER |
| fixed length control field |
00320nam a2200121Ia 4500 |
| 008 - FIXED-LENGTH DATA ELEMENTS--GENERAL INFORMATION |
| fixed length control field |
190722s9999 xx 000 0 und d |
| 020 ## - INTERNATIONAL STANDARD BOOK NUMBER |
| International Standard Book Number |
969-407-325-1 |
| 100 ## - MAIN ENTRY--PERSONAL NAME |
| Personal name |
Javed A. Ansari / S. Zeeshan Arshad |
| 245 #0 - TITLE STATEMENT |
| Title |
Business Ethics In Pakistan |
| 260 ## - PUBLICATION, DISTRIBUTION, ETC. (IMPRINT) |
| Place of publication, distribution, etc |
Karachi |
| Name of publisher, distributor, etc |
Royal Book Company |
| Date of publication, distribution, etc |
2006 |
| 300 ## - PHYSICAL DESCRIPTION |
| Extent |
412 |
| 942 ## - ADDED ENTRY ELEMENTS (KOHA) |
| Koha item type |
Books |